000 00718nam a22002177a 4500
003 DO-SdBNP
005 20221108130052.0
007 ta
008 110301s2019 dr 000 p spa d
040 _aDO-SdBNP
_bspa
_cBNPHU
082 4 _axxxx
_bC965v
100 1 _aCueto Payano, José A.
_953018
_d1964-
245 1 0 _aVersos del alma :
_bpoemas /
_cJosé A. Cueto Payano ; prólogo Enrique Cabrera Vásquez
260 _aSanto Domingo :
_bImpresora del Caribe,
_c2019.
300 _a56 p. :
_c21 cm.
500 _aIncluye datos biográficos del autor en la solapa de la portada.
590 _aInventariado, 2022/ YL
700 1 2 _aCabrera Vásquez, Enrique
_eprol.
_971142
910 _aYLockward
942 _2ddc
_cLBS1
999 _c52827
_d52827